000 01263cam a2200349 a 4500
020 _a0070366454 :
082 0 0 _a624.171
_b22688
_cL-26,P-70
100 1 _aLaursen, Harold I.
_950879
245 1 0 _aStructural analysis /
_cHarold I. Laursen.
250 _a3rd ed.
260 _aNew York :
_bMcGraw-Hill,
_cc1988.
300 _axi, 475 p. :
_bill. ;
_c25 cm.
500 _aIncludes index.
526 _a0
_b0
_c0
_d624_171000000000000_22688
526 _a0
_b0
_c0
_d624_171000000000000_22688
526 _a0
_b0
_c0
_d624_171000000000000_22688
526 _a0
_b0
_c0
_d624_171000000000000_22688
526 _a0
_b0
_c0
_d624_171000000000000_22688
526 _a0
_b0
_c0
_d624_171000000000000_22688
526 _a0
_b0
_c0
_d624_171000000000000_22688
526 _a0
_b0
_c0
_d624_171000000000000_22688
526 _a0
_b0
_c0
_d624_171000000000000_22688
526 _a0
_b0
_c0
_d624_171000000000000_22688
526 _a0
_b0
_c0
_d624_171000000000000_22688
526 _a0
_b0
_c0
_d624_171000000000000_22688
526 _a0
_b0
_c0
_d624_171000000000000_22688
526 _a0
_b0
_c0
_d624_171000000000000_22688
526 _a0
_b0
_c0
_d624_171000000000000_LAU
650 0 _aMCE
_9379
650 0 _aStructural analysis (Engineering)
_xMatrix methods.
_91143
942 _2ddc
_cBK
999 _c553610
_d553610